Masalah² ekonomi dan faktor² Ipolsos (ideologi, politik, sosial) (Record no. 89367)

MARC details
000 -LEADER
fixed length control field 00799cam a22002411 4500
001 - CONTROL NUMBER
control field sa 68020336
003 - CONTROL NUMBER IDENTIFIER
control field DLC
005 - DATE AND TIME OF LATEST TRANSACTION
control field 20260227112723.0
008 - FIXED-LENGTH DATA ELEMENTS--GENERAL INFORMATION
fixed length control field 750430s1965 xx 000 0 ind
010 ## - LIBRARY OF CONGRESS CONTROL NUMBER
LC control number sa 68020336
035 ## - SYSTEM CONTROL NUMBER
System control number (OCoLC)1305741
040 ## - CATALOGING SOURCE
Original cataloging agency DLC
Transcribing agency OAU
Modifying agency DLC
042 ## - AUTHENTICATION CODE
Authentication code premarc
050 00 - LIBRARY OF CONGRESS CALL NUMBER
Classification number HC447
Item number .M37
245 00 - TITLE STATEMENT
Title Masalah² ekonomi dan faktor² Ipolsos (ideologi, politik, sosial)
Statement of responsibility, etc. oleh Widjojo Nitisastro [et al.]
260 ## - PUBLICATION, DISTRIBUTION, ETC.
Place of publication, distribution, etc. Djakarta,
Name of publisher, distributor, etc. Lembaga Ekonomi dan Kemasjarakatan Nasional,
Date of publication, distribution, etc. 1965.
300 ## - PHYSICAL DESCRIPTION
Extent 139 p.
Dimensions 21 cm.
504 ## - BIBLIOGRAPHY, ETC. NOTE
Bibliography, etc. note Includes bibliographical references.
651 #0 - SUBJECT ADDED ENTRY--GEOGRAPHIC NAME
Geographic name Indonesia
General subdivision Economic policy.
651 #0 - SUBJECT ADDED ENTRY--GEOGRAPHIC NAME
Geographic name Indonesia
General subdivision Social conditions.
700 1# - ADDED ENTRY--PERSONAL NAME
Personal name Nitisastro, Widjojo.
710 1# - ADDED ENTRY--CORPORATE NAME
Corporate name or jurisdiction name as entry element Djakarta.
Subordinate unit Lembaga Ekonomi dan Kemasjarakatan Nasional.

No items available.

Powered by Koha